[Event "E Women's Candidates Tournament 2022"]
[Site "Chess.com"]
[Date "2022.11.10"]
[Round "2"]
[White "Tan, Zhongyi"]
[Black "Goryachkina, Aleksandra"]
[Result "1-0"]
[WhiteElo "2518"]
[BlackElo "2584"]
[EventDate "2022.??.??"]
[Annotator "rafael"]
[PlyCount "79"]
[Beauty "7697005025290"]
[EventType "team-tourn"]
[EventCountry "FID"]
[TimeControl "5400+30"]

1.d4 d5 2.c4 c6 3.Nf3 Nf6 4.Nc3 e6 5.Bg5 Nbd7 6.e3 Qa5 {The Cambridge-Springs Variation is a more solid choice for Black than the complications of the Botvinnik System with 6...dxc4. For those interested in classic games with this system, I suggest studying games 7, 9 and 11 of the match Capablanca vs. Alekhine.} 7.cxd5 ( 7.Nd2 {is also a popular choice.} ) 7...Nxd5 8.Rc1 h6 {It's usually difficult to know if the ...h6 move is useful; I have doubts about this in several defenses. Many players prefer to take on c3 right away. Others choose 8...Bb4.} ( 8...Nxc3 9.bxc3 Ba3 10.Rc2 b6 {is similar to the game.} ) ( 8...Bb4 9.a3 Bxc3+ ( 9...Nxc3 10.axb4 $1 {[%c_effect b4;square;b4;type;GreatFind;persistent;true]} ) 10.bxc3 {with a complicated fight ahead.} ) 9.Bh4 Nxc3 10.bxc3 Ba3 11.Rc2 b6 $1 {[%c_effect b6;square;b6;type;GreatFind;persistent;true] This plan is essential for Black: playing the bishop to a6 and simplifying the position a bit.} 12.Nd2 $5 {[%c_effect d2;square;d2;type;Interesting;persistent;true] A relatively rare move, but one that has been tried in some correspondence games.} ( 12.Be2 Ba6 13.O-O Bxe2 14.Rxe2 O-O 15.c4 {leads to a typical middlegame for this variation. Black is solid, but White has more space. Ding-Duda, Goldmoney (rapid) 2021} ) 12...Ba6 13.c4 {The most natural move.} ( 13.Nc4 Qa4 ) ( 13.Bc4 O-O 14.O-O c5 {In the only game played in this position, the GM of White tried an interesting quality sacrifice with} 15.d5 $5 {[%c_effect d5;square;d5;type;Interesting;persistent;true]} 15...exd5 16.Bxd5 Bxf1 17.Nxf1 {with the idea of bringing the knight to the kingside and creating an attack since Black's queen and bishop are out of play. This worked in the game, but the computer always finds some path to equality. Iturrizaga Bonelli-Ghazarian, Castelldefels 2021.} ) 13...O-O ( 13...Be7 $5 {[%c_effect e7;square;e7;type;Interesting;persistent;true]} 14.Bxe7 Kxe7 15.Be2 c5 16.O-O cxd4 17.exd4 Rhd8 {with a roughly equal position in Barkov-Martynov, ICCF email 2017.} ) 14.Bd3 c5 15.O-O cxd4 16.exd4 Rfe8 17.Qe2 Rac8 $6 {[%c_effect c8;square;c8;type;Inaccuracy;persistent;true] This move is inaccurate and leads to problems. The correct path is shown in one of the correspondence games.} ( 17...Bb4 $1 {[%c_effect b4;square;b4;type;GreatFind;persistent;true]} 18.Rd1 Rac8 {with equality in Haapamaeki-Raivio, ICCF email 2018.} ) 18.c5 $1 {[%c_effect c5;square;c5;type;GreatFind;persistent;true] There are two possible doubles for the d2-knight: one on c4 and one on d6.} 18...Qa4 $6 {[%c_effect a4;square;a4;type;Inaccuracy;persistent;true] This move makes things worse.} ( 18...Nb8 {is also not enough:} 19.Ne4 $1 {[%c_effect e4;square;e4;type;GreatFind;persistent;true] A strong computer suggestion.} ( 19.Bxa6 Qxa6 20.Qxa6 Nxa6 21.Nc4 Bxc5 22.dxc5 Rxc5 {Black has some drawing chances.} ) 19...Bxd3 20.Qxd3 {The point is that Black cannot capture on c5:} 20...bxc5 21.Nf6+ $1 {[%c_effect f6;square;f6;type;GreatFind;persistent;true]} 21...gxf6 22.Bxf6 {with a decisive attack.} ) ( 18...Bxd3 19.Qxd3 Bb4 $1 {[%c_effect b4;square;b4;type;GreatFind;persistent;true] This move is probably what Goryachkina missed.} ( 19...b5 $6 {[%c_effect b5;square;b5;type;Inaccuracy;persistent;true]} 20.Ne4 ) ( 19...bxc5 20.Nc4 Qa6 21.Qxa3 Qxa3 22.Nxa3 cxd4 23.Rfc1 {with good winning chances for White.} ) 20.Nc4 Qa6 21.a3 Ba5 ( 21...bxc5 $5 {[%c_effect c5;square;c5;type;Interesting;persistent;true]} 22.axb4 cxb4 {is also possible. This a better version for Black of the piece sacrifice that occurs in many lines.} ) 22.Qb3 $1 {[%c_effect b3;square;b3;type;GreatFind;persistent;true]} 22...bxc5 23.Qa4 Nb6 $1 {[%c_effect b6;square;b6;type;GreatFind;persistent;true]} 24.Qxa5 Qxa5 25.Nxa5 cxd4 {Black has two pawns for the piece and drawing chances, although White is happy with this position.} ) 19.Bxa6 Qxc2 20.Bxc8 Rxc8 21.Qa6 $1 {[%c_effect a6;square;a6;type;GreatFind;persistent;true] A very unpleasant move. Black has no good squares for the rook.} 21...Rc7 ( 21...Rb8 22.c6 $1 {[%c_effect c6;square;c6;type;GreatFind;persistent;true]} 22...Qxc6 23.Qxa3 {wins a piece.} ) ( 21...Ra8 22.Qb7 Rf8 23.Qxd7 Qxd2 24.c6 {and the c-pawn decides the game.} ) ( 21...Re8 22.Qb5 $1 {[%c_effect b5;square;b5;type;GreatFind;persistent;true]} 22...Qxd2 23.Qxd7 {again followed by the advance of the c-pawn.} ) ( 21...Rf8 22.Qxa3 ( 22.Nf3 {is probably even better.} ) 22...Qxd2 23.c6 Qxd4 24.cxd7 Qxd7 {This endgame is winning for White.} ) 22.Bg3 $6 {[%c_effect g3;square;g3;type;Inaccuracy;persistent;true]} ( 22.Bd8 $1 {[%c_effect d8;square;d8;type;GreatFind;persistent;true] This is a better way to convert the advantage.} 22...Nb8 ( 22...Nxc5 23.dxc5 Rxc5 24.Nb3 Rd5 25.Qxa3 Rxd8 26.Qxa7 {with a winning position.} ) ( 22...Rc6 23.Qb7 $1 {[%c_effect b7;square;b7;type;GreatFind;persistent;true] Black loses material.} ) 23.Qxa3 Rc8 24.Qxa7 Rxd8 ( 24...Qxd2 {doesn't solve the problems.} 25.Bxb6 Qxd4 26.c6 $1 {[%c_effect c6;square;c6;type;GreatFind;persistent;true]} ) 25.Qxb6 Rf8 26.Nf3 Qxa2 27.Ne5 {with an easily winning endgame a pawn up.} ) 22...e5 23.Nf3 $1 {[%c_effect f3;square;f3;type;GreatFind;persistent;true] The best.} ( 23.Nc4 $2 {[%c_effect c4;square;c4;type;Mistake;persistent;true]} 23...Qd3 $1 {[%c_effect d3;square;d3;type;GreatFind;persistent;true]} ) 23...Bxc5 $1 {[%c_effect c5;square;c5;type;GreatFind;persistent;true] Black has to sacrifice a piece.} ( 23...Qxa2 24.Nxe5 Nxe5 25.Bxe5 {and White wins since Black's pieces are poorly placed and the c-pawn is ready to advance.} ) 24.dxc5 Nxc5 25.Qa3 f6 {Let's pause and assess the position. White has a material advantage (bishop for two pawns), but it is not easy to convert: the bishop on g3 is not good.} 26.Rc1 Qg6 27.Nh4 {I don't like this move. A knight on the rim is dim, someone said.} ( 27.h3 {I'd rather play a simple move giving some air for the king.} ) 27...Qf7 ( 27...Qe4 {is an interesting alternative.} ) 28.Rd1 ( 28.f4 $5 {[%c_effect f4;square;f4;type;Interesting;persistent;true] Maybe this is a better way to justify White's previous move.} ) 28...Rd7 29.Rxd7 Qxd7 30.h3 e4 $1 {[%c_effect e4;square;e4;type;GreatFind;persistent;true] Now the h4-knight is in trouble. Black prepares g5.} 31.Bb8 $1 {[%c_effect b8;square;b8;type;GreatFind;persistent;true] A very good, practical decision. White gives back material to capture Black's queenside. The computer suggestion is absurd for a human.} ( 31.Ng6 Kf7 32.Nf4 g5 {Every time I analyze games for the Game of the Day, I go through the game on my physical board, thinking about what happened and writing some notes. Only after that I check the game with the computer. I analyzed this variation and stopped here, since the knight is lost. But the machine continues.} 33.Ne2 $1 {[%c_effect e2;square;e2;type;GreatFind;persistent;true]} 33...Qd1+ 34.Kh2 Qxe2 35.Qxa7+ Kg6 36.Qxb6 {Somehow the computer is happy with this position for White. Not very human.} ) 31...g5 ( 31...a5 32.g4 $1 {[%c_effect g4;square;g4;type;GreatFind;persistent;true] And now h4-knight is no longer in danger.} ) 32.Qxa7 gxh4 $6 {[%c_effect h4;square;h4;type;Inaccuracy;persistent;true] Now Black is in deep trouble again.} ( 32...Qxa7 {leads to an endgame that is probably winning for White after} 33.Bxa7 gxh4 34.Bxb6 Na6 35.Kf1 Kf7 36.Ke2 Ke6 37.a4 {with bishop against knight, the passed a-pawn, and the weaknesses on the kingside, I believe White is going to win.} ) ( 32...Qe6 $1 {[%c_effect e6;square;e6;type;GreatFind;persistent;true] This subtle move is the best.} 33.Ng6 Nd7 {It turns out the knight is lost anyway.} 34.Nf4 ( 34.h4 {This attempt to defend the knight doesn't work.} 34...Kg7 35.h5 Qd5 {and Black is ready to play Qd1 with a draw.} ) 34...gxf4 35.Bxf4 {White still has some advantage in this endgame, but the drawing chances are good.} ) 33.Qxb6 Ne6 ( 33...e3 $1 {[%c_effect e3;square;e3;type;GreatFind;persistent;true] is a desperate attempt to activate the knight and generate some counterplay.} 34.fxe3 Ne4 ) 34.a4 {The a-pawn decides the game. White's moves are easy now.} 34...Kf7 35.a5 Nd4 36.Qc7 $1 {[%c_effect c7;square;c7;type;GreatFind;persistent;true] Not allowing the counterplay after} ( 36.a6 Ne2+ 37.Kh2 Qd1 {Even though White is probably still winning after} 38.f3 ) 36...Ke8 37.Qc4 Qb7 38.Qg8+ {Winning material and the match.} 38...Kd7 39.Qf7+ Kc6 ( 39...Kc8 40.Qe8# ) 40.Qc4+ 1-0

[Event "Speed Chess Championship 2022 - Evento "]
[Site "Chess.com"]
[Date "2022.11.23"]
[Round "3"]
[White "Erigaisi, Arjun"]
[Black "Caruana, Fabiano"]
[Result "0-1"]
[WhiteElo "2718"]
[BlackElo "2766"]
[EventDate "2022.??.??"]
[Annotator "rafael"]
[PlyCount "94"]
[Beauty "7152194289671"]
[EventType "team-tourn"]
[TimeControl "60+1"]

1.e4 e5 2.Nf3 Nf6 {Caruana played the Petroff in several games during the match. This is one of the most reliable defenses for Black and it's no wonder that many elite players are happy playing it.} 3.Nxe5 d6 4.Nf3 Nxe4 5.Nc3 {This line has a good reputation. Caruana has great experience in it, having played this position with both White and Black, including a game in the World Championship match against Carlsen.} 5...Nxc3 6.dxc3 Be7 7.Bd3 ( 7.Be3 {The aforementioned game followed:} 7...O-O 8.Qd2 Nd7 9.O-O-O Nf6 10.Bd3 c5 11.Rhe1 Be6 12.Kb1 Qa5 13.c4 Qxd2 14.Bxd2 h6 {and the game was later drawn. Carlsen - Caruana, London 2018.} ) 7...O-O 8.O-O Nd7 9.Re1 Nc5 10.Bf4 {If it had been a game at normal time control, Erigaisi would probably have moved the d3-bishop to avoid the exchange. In a bullet game, this is just a minor detail. Or is it not $2 As we will see, the pair of bishops was crucial to Caruana's victory.} 10...Nxd3 11.Qxd3 Re8 12.h3 h6 13.Re2 Bf6 14.Rae1 Rxe2 15.Rxe2 Bd7 {The position is objectively equal, although it's usually better to be the one with the bishops.} 16.Nd2 {Trying to activate the knight.} 16...Qf8 {A nice move, preparing to bring the rook to e8.} 17.Qf3 ( 17.Ne4 {is better.} 17...Be7 18.c4 Bc6 19.b3 {with equal play.} ) 17...Bc6 18.Ne4 Be7 19.Qg3 f5 $1 {[%c_effect f5;square;f5;type;GreatFind;persistent;true] Pushing the knight back.} 20.Nd2 g5 $1 {[%c_effect g5;square;g5;type;GreatFind;persistent;true]} 21.Nb3 Re8 ( 21...Bf6 {is more accurate.} 22.Nd4 Kh7 23.Bd2 {with roughly equal play.} ) 22.Nd4 Bd7 23.Bd2 $6 {[%c_effect d2;square;d2;type;Inaccuracy;persistent;true]} ( 23.h4 $1 {[%c_effect h4;square;h4;type;GreatFind;persistent;true] is unpleasant for Black due to a nice tactical idea after} 23...Qf6 $2 {[%c_effect f6;square;f6;type;Mistake;persistent;true]} ( 23...g4 {is better.} ) 24.hxg5 hxg5 25.Bxg5 $1 {[%c_effect g5;square;g5;type;GreatFind;persistent;true] This was probably missed—it was a bullet game, after all.} 25...Qxg5 26.Rxe7 $1 {[%c_effect e7;square;e7;type;GreatFind;persistent;true]} 26...Qxg3 27.Rxe8+ Bxe8 28.fxg3 {and White wins a pawn.} ) 23...Bf6 24.Qf3 Rxe2 25.Qxe2 c6 26.Qd3 Bg7 27.c4 {The characteristic of the game doesn't change: Black has the pair of bishops, but the white knight is well-placed. The position is balanced.} 27...Qf6 28.Bc3 Qg6 29.Ne2 Bf8 $5 {[%c_effect f8;square;f8;type;Interesting;persistent;true] A good move, avoiding the exchange. It looks dangerous to grant White the diagonal, but there is no reason to worry.} 30.Qd4 b6 31.a4 $1 {[%c_effect a4;square;a4;type;GreatFind;persistent;true] Creating threats on the queenside.} 31...Kf7 32.a5 c5 33.Qd2 $6 {[%c_effect d2;square;d2;type;Inaccuracy;persistent;true] Now Black gets some advantage.} ( 33.Qd5+ Qe6 34.Qb7 $1 {[%c_effect b7;square;b7;type;GreatFind;persistent;true] The position is equal. An illustrative variation ends in a draw by perpetual check:} 34...bxa5 35.Bxa5 Be7 36.Nc3 Qe1+ 37.Kh2 Qe5+ 38.Kg1 Qe1+ ) 33...Qe6 ( 33...f4 {is also good.} ) 34.axb6 axb6 35.b3 Bc6 {Black's position is more pleasant, but White holds everything until a fatal blunder is made.} 36.Ng3 f4 37.Nf1 d5 38.cxd5 Qxd5 39.f3 Qxd2 40.Nxd2 b5 41.Kf2 Ke6 42.Bb2 b4 43.c3 $2 {[%c_effect c3;square;c3;type;Mistake;persistent;true] The only big mistake in this game—quite an achievement considering the bullet time control. It's not clear how Black can win if White just makes a waiting move.} 43...Bg7 {Suddenly it's all over.} 44.Nb1 Bd5 $1 {[%c_effect d5;square;d5;type;GreatFind;persistent;true] The queenside collapses.} 45.c4 Bxb2 46.cxd5+ Kxd5 47.Nd2 ( 47.Ke2 c4 48.bxc4+ Kxc4 {and the b-pawn decides.} ) 47...Kd4 0-1

[Event "Speed Chess Championship Main Event 202"]
[Site "Chess.com"]
[Date "2022.11.27"]
[Round "4"]
[White "Ding, Liren"]
[Black "Grischuk, Alexander"]
[Result "1-0"]
[WhiteElo "2811"]
[BlackElo "2745"]
[EventDate "2022.??.??"]
[Annotator "Bojkov,Dejan"]
[PlyCount "45"]
[Beauty "8246760840717"]
[EventType "game"]

1.Nf3 Nf6 2.g3 d5 3.Bg2 c5 4.O-O g6 5.d4 cxd4 6.Nxd4 Bg7 7.Nb3 O-O 8.Nc3 e6 9.e4 {An interesting Anti-Grunfeld line that Ding had used successfully in the past. He is in fact playing the Grunfeld himself now, with reversed colors, and an extra tempo.} 9...Nc6 10.exd5 Nxd5 {Since Black is getting an isolani, it makes sense to preserve more pieces on board, but Grischuk has a concrete idea on his mind.} ( {Ding's previous game saw} 10...exd5 11.Bg5 h6 12.Be3 Re8 13.Qd2 Ng4 14.Bc5 Be6 15.Nxd5 Bxb2 16.Rad1 Bxd5 17.Bxd5 Qg5 18.Qxg5 hxg5 19.c4 {and the Chinese GM eventually emerged victorious in Ding,L (2812)-Adams,M (2708) Astana 2019} ) 11.Nxd5 ( {Another plan is:} 11.Ne4 Ne5 12.h4 h6 13.Qe2 Qc7 14.Rd1 a5 15.Nd4 Bd7 16.a4 Rad8 {but Black did not seem to have problems in Firouzja,A (2728)-Caruana,F (2828) Stavanger 2020} ) 11...exd5 12.c3 d4 {That is the point. Black quickly gets rid of the isolated pawn. But not from all the problems.} ( {Throwing in} 12...a5 {provides White extra options, as he may proceed as in the game with} 13.a4 ( {Or the immediate blockade with} 13.Be3 $5 {[%c_effect e3;square;e3;type;Interesting;persistent;true]} ) 13...d4 14.cxd4 Nxd4 15.Be3 ) 13.cxd4 {More or less forced.} ( {As} 13.c4 $2 {[%c_effect c4;square;c4;type;Mistake;persistent;true]} 13...Be6 {embarrasses the c4-pawn.} ) 13...Nxd4 14.Be3 {[#]} 14...Nc6 $146 {Up to here all has been seen in an email game. Only this move is a novelty. Grischuk blocks the enemy bishop and intends to develop his own light-squared one.} ( {The predecessor saw a quick draw after:} 14...Nf5 15.Bc5 Re8 16.Qxd8 Rxd8 17.Rad1 {1/2-1/2 (17) Tyutyunnik,R (2204)-Misericordia,A (2363) LSS email 2019} ) 15.Nc5 {Highlighting Black's main problem. How to develop the queenside $2} 15...Qe7 ( {The pawn grabbing} 15...Bxb2 16.Rb1 Qf6 17.Qa4 {provides White more than enough compensation for the pawn.} ) ( {Perhaps the best defense was} 15...Qxd1 $5 {[%c_effect d1;square;d1;type;Interesting;persistent;true]} 16.Raxd1 {and then} 16...Bg4 $1 {[%c_effect g4;square;g4;type;GreatFind;persistent;true] to bring the bishop out at once. In some situations Black can happily sacrifice a queenside pawn in return for piece activity, for instance} ( {Black is not fine after} 16...Bxb2 17.Nxb7 Bxb7 18.Rb1 Ba6 19.Rfd1 Bg7 20.Bxc6 ) 17.Rd6 $5 {[%c_effect d6;square;d6;type;Interesting;persistent;true] and now a complex computer idea} 17...Ne7 18.Bxb7 Nf5 19.Bxa8 Nxd6 20.Bd5 Bxb2 ( {The machine assumes that Black can hold with} 20...Nf5 $5 {[%c_effect f5;square;f5;type;Interesting;persistent;true]} ) 21.Rb1 {when Black did not manage to equalize in full yet.} ) 16.Re1 $1 {[%c_effect e1;square;e1;type;GreatFind;persistent;true] X-raying her majesty is three times more unpleasant in a blitz game than in a normal one.} ( {Also interesting was} 16.Qa4 Bxb2 17.Rab1 Bg7 18.Rfd1 {with a similar compensation for the pawn as the line from above.} ) 16...Rd8 ( {Grischuk probably did not even consider} 16...Bf5 $5 {[%c_effect f5;square;f5;type;Interesting;persistent;true] which would have likely been met with} 17.Bd4 {when Black has the interesting queen sacrifice in disposal} 17...Qxe1+ 18.Qxe1 Nxd4 19.Bxb7 Nc2 20.Qf1 Rae8 {and although the machine promises an edge to White it is not clear at all, especially in blitz.} ) 17.Qb3 Qc7 ( {After something neutral like} 17...h6 {White cannot win material at once but may increase the pressure with} 18.Rac1 ) 18.Rac1 {The poor queen cannot find a safe square.} 18...Qb6 {The most natural move is a blunder.} ( {If} 18...Rb8 {in a vain attempt to complete the development, then} 19.Bf4 {wins by force for White in the line} 19...Be5 20.Rxe5 $1 {[%c_effect e5;square;e5;type;GreatFind;persistent;true]} 20...Nxe5 21.Qe3 Re8 22.Ne4 $1 {[%c_effect e4;square;e4;type;GreatFind;persistent;true]} 22...Qd8 23.Bg5 ) 19.Nxb7 $1 {[%c_effect b7;square;b7;type;GreatFind;persistent;true] The winning combination.} 19...Qxb3 ( {Or else Black loses prosaically after} 19...Qxb7 20.Bxc6 ( {Rather than} 20.Qxb7 Bxb7 21.Bxc6 Bxc6 22.Rxc6 Bxb2 ) 20...Qxb3 21.axb3 Rb8 22.Bg5 $1 {[%c_effect g5;square;g5;type;GreatFind;persistent;true] when the black rooks cannot find squares now, e.g.} 22...f6 ( 22...Rf8 23.Be7 ) 23.Bf4 Rxb3 24.Bd5+ $1 {[%c_effect d5;square;d5;type;GreatFind;persistent;true]} 24...Rxd5 25.Rxc8+ Kf7 26.Rc7+ Kf8 27.Ree7 {and White wins.} ) 20.Nxd8 $3 {[%c_effect d8;square;d8;type;Brilliant;persistent;true] A star move $1 Many GMs would have been proud of finding it in a normal game. Ding spent a couple of seconds on it $1} ( {Grischuk likely only expected the natural} 20.axb3 Bxb7 21.Bxc6 Bxc6 22.Rxc6 Bxb2 {with equality.} ) 20...Qxb2 {The minute spent on the clock best describes the shock that the Russian GM experienced.} ( {Nothing changes} 20...Qxa2 21.Nxc6 {The rook on a8 cannot be saved and Black loses after} 21...Bxb2 22.Ne7+ Kf8 23.Bh6+ Bg7 24.Bxa8 ) 21.Nxc6 Bb7 ( {Or} 21...Bf8 22.Nxa7 Rxa7 23.Rxc8 Rxa2 {with a pretty finish} 24.Rxf8+ $1 {[%c_effect f8;square;f8;type;GreatFind;persistent;true]} 24...Kxf8 25.Bh6+ Kg8 26.Re8# ) 22.Rb1 $1 {[%c_effect b1;square;b1;type;GreatFind;persistent;true] wins a whole piece and the game.} ( {Rather than just a pawn, as in the line} 22.Ne7+ Kf8 23.Rb1 Qxb1 $1 {[%c_effect b1;square;b1;type;GreatFind;persistent;true]} 24.Rxb1 Bxg2 25.Nxg6+ hxg6 26.Kxg2 ) 22...Qc3 23.Rec1 1-0